| 000 | 01306nam a2200349 i 4500 | ||
|---|---|---|---|
| 001 | bg | ||
| 003 | BPK | ||
| 005 | 20190919112921.0 | ||
| 008 | 010228s2000 pl a f f |000 0 pol | ||
| 015 | _aPB 2001/4430 | ||
| 020 | _a838689086X | ||
| 040 |
_aWA N _cBPK |
||
| 041 | 0 | _apol | |
| 080 | _a658.1/.5 | ||
| 080 | _a658.114.3 | ||
| 080 | _a(075.8) | ||
| 245 | 0 | 0 |
_aStrategie wzrostu wartości firmy : _bstudium przypadków : praca zbiorowa / _cpod red. Andrzeja Szablewskiego ; [aut.] Witold Breś [et al.]. |
| 260 |
_aWarszawa : _b"Poltext", _c2000. |
||
| 300 |
_a387 s. : _bil. ; _c24 cm. |
||
| 490 | 1 | _aWarsztaty Menedżerskie. | |
| 500 | _aNa okł. podtyt.: General Electric, Wal-Mart, Amazon.com., Barnes & Noble, Coca-Cola, DaimlerChrysler, Carrefour, Handlowy-BRE, TP SA, Optimus, Agora. | ||
| 504 | _aBibliogr. przy rozdz. | ||
| 650 | 4 |
_aSpółki kapitałowe _xzarządzanie. |
|
| 655 | 4 | _aPodręczniki akademickie | |
| 650 | 4 | _aZarządzanie strategiczne | |
| 700 | 1 | _aBreś, Witold. | |
| 710 | 2 |
_aWydawnictwo Poltext. _4pbl. |
|
| 700 | 1 |
_aSzablewski, Andrzej T. _eRedakcja |
|
| 830 | 0 | _aWarsztaty Menedżerskie | |
| 856 |
_uhttp://koha.tu.koszalin.pl/cgi-bin/koha/opac-detail.pl?biblionumber=41766 _yKatalog online BPK |
||
| 942 |
_2UKD _cKS |
||
| 999 |
_c41766 _d41766 |
||